000 00843nam a2200253Ia 4500
003 OSt
005 20221005112833.0
006 a|||||r|||| 00| 0
007 ta
008 221004b |||||||| |||| 00| 0 pan d
020 _a8182990092 (HBK)
_c80
024 _a96296
037 _b72866, 31/12/2008, Arsee Publishers
_cTextual
040 _aCRL
_cCRL
_bpan
041 _2pan
_apan
082 _aO153,3N17,BB, P7
100 _aਾਦ, ਬੂਟਾ ਸਿੰਘ
245 0 _aਬਾਝ ਭਰਾਵਾਂ ਸੱਕਿਆਂ
260 _aਦਿੱਲੀ
_bਆਰਸੀ ਭਾਰਤ
_c2007
300 _a88ਪੰ
_ccm.
650 _aਪੰਜਾਬੀ ਸਾਹਿਤ
942 _hO153,3N17,BB, P7
_cTEXL
_2cc
999 _c1026142
_d1026142